000 00721nam a2200265 i 4500
001 C2-0225344
003 PPAK
005 20180728153604.0
008 000606s2000 my a|||| ||||| | eng d
020 _a9837513187
040 _aPPAK
_beng
_cPPAK
_erda
082 0 4 _a428.6
_223
090 0 0 _a428.6
_bCHU
_dK
100 1 _aChu, Evelyn GB,
_eauthor
245 1 4 _aThe spooky house
264 1 _aKuala Lumpur :
_bPan Earth ,
_c2000
300 _a52 pages :
_billustrations ;
_c22 cm
336 _2rdacontent
_atext
337 _2rdamedia
_aunmediated
338 _2rdacarrier
_avolume
490 1 _aA young detective series
650 1 0 _aReaders - Fiction
830 0 _aA young detective series
942 _ddc
_cB
999 _c146059
_d146059